000
00269nam a2200109Ia 4500
001
587448
005
20250717113816.0
008
250717s9999 xx 000 0 und d
245
0
_a
X-6 ŞAŞIRT KENDİNİ
_c
LISA CURRIE
260
_b
TİMAŞ YAYINLARI
_c
2020
300
_b
18
999
_c
587448
_d
587448